Who's Who - Coins of the World - Statistics

General Stats
  • This quiz has been taken 27 times
  • The average score is 7 of 16
Answer Stats
Picture Answer % Correct
Vladimir Lenin
89%
Fidel Castro
68%
Jesus & Mary
68%
Franklin Roosevelt
63%
James Cook
63%
Tutankhamun
63%
Jawaharlal Nehru
58%
Charlemagne
47%
Dante
47%
Otto von Bismarck
42%
Charles De Gaulle
32%
Isambard Kingdom Brunel
26%
Julius Caesar
26%
Sun Yat-sen
11%
Gustavus Adolphus
5%
Haile Selassie
5%
No matching quizzes found
Score Distribution
Percent of People with Each Score
Percentile by Number Answered
Your Score History
You have not taken this quiz